000 00550cam a2200205ua 4500
001 20029
008 140103n2013 II |||gr||||Z||||||eng
040 _aMAIN
041 _aEnglish
082 _a515.3 GHO
100 _aGHOSH, RAM KRISHNA.
245 _aAN INTRODUCTION TO DIFFERENTIAL CALCULUS (Part-1)
250 _aREP.
260 _aGUWAHATI
_bNEW CENTRAL BOOK AGENCY
_c2013
300 _a1265:
_c20CM.
653 _aDifferential Calculus
700 _aMAITY, KANTISH CHANDRA.
700 _aPAL, DR. KARTICK CHANDRA (Ed./-).
942 _cBK
999 _c19891
_d19891